serun
ՀԱՅ ԳԻՐՔ = Armenian Book

Ժամանակակից հայոց լեզու : (Record no. 165162)

000 -LEADER
fixed length control field nam a22 a 4500
003 - CONTROL NUMBER IDENTIFIER
control field AM-YeNLA
005 - DATE AND TIME OF LATEST TRANSACTION
control field 20251027112456.0
007 - PHYSICAL DESCRIPTION FIXED FIELD--GENERAL INFORMATION
fixed length control field ta
008 - FIXED-LENGTH DATA ELEMENTS--GENERAL INFORMATION
fixed length control field 251027s2024 ai ||||gr|||||000|0|arm||
020 ## - INTERNATIONAL STANDARD BOOK NUMBER
International Standard Book Number 978-9939-99-138-2
040 ## - CATALOGING SOURCE
Language of cataloging arm
Transcribing agency AM-YeNLA
041 0# - LANGUAGE CODE
Language code of text/sound track or separate title arm
100 1# - MAIN ENTRY--PERSONAL NAME
9 (RLIN) 31126
Personal name Ավետիսյան, Յուրի Սրապիոնի,
Dates associated with a name 1961-
245 10 - TITLE STATEMENT
Title Ժամանակակից հայոց լեզու :
Remainder of title Ձևաբանություն /
Statement of responsibility, etc. Յու. Ս. Ավետիսյան ; Խմբագիր՝ Հ. Զաքարյան, Լ. Թելյան ; Գրախոսներ՝ Մ.Ֆելեքյան, Ա.Տեր-Պետրոսյան և այլք.
246 15 - VARYING FORM OF TITLE
Title proper/short title The modern armenian language :
Remainder of title morphology
260 ## - PUBLICATION, DISTRIBUTION, ETC. (IMPRINT)
Place of publication, distribution, etc. Երևան :
Name of publisher, distributor, etc. Զանգակ,
Date of publication, distribution, etc. 2024․
300 ## - PHYSICAL DESCRIPTION
Extent 328 էջ ;
Dimensions 19 սմ.
504 ## - BIBLIOGRAPHY, ETC. NOTE
Bibliography, etc Գրականություն՝ էջ 319-322։ Տերմինացանկ՝ էջ 315-316։ Համառոտագրություններ՝ 317-318։
546 ## - LANGUAGE NOTE
Language note Ամփոփումը՝ անգլերեն։
650 14 - SUBJECT ADDED ENTRY--TOPICAL TERM
9 (RLIN) 33459
Topical term or geographic name as entry element Հայոց լեզու
General subdivision Ձևաբանություն
Form subdivision Բուհական դասագիրք
700 1# - ADDED ENTRY--PERSONAL NAME
Personal name Զաքարյան, Հովհաննես
Relator term խմբագիր
Relator code edt
700 1# - ADDED ENTRY--PERSONAL NAME
Personal name Թելյան, Լ.
Relator term խմբագիր
Relator code edt
700 1# - ADDED ENTRY--PERSONAL NAME
Personal name Ֆելեքյան, Մ.
Relator term գրախոս
Relator code rev
9 (RLIN) 31825
700 1# - ADDED ENTRY--PERSONAL NAME
Personal name Տեր-Պետրոսյան, Ա.
Relator term գրախոս
Relator code rev
942 ## - ADDED ENTRY ELEMENTS (KOHA)
Source of classification or shelving scheme
Koha item type Books
Holdings
Withdrawn status Lost status Source of classification or shelving scheme Damaged status Not for loan Permanent Location Current Location Date acquired Inventory number Date last seen Price effective from Koha item type
          National Library of Armenia National Library of Armenia 2025-10-27 ՀԱԳ 2025-10-27 2025-10-27 Books

Հայաստանի ազգային գրադարան ՀՀ, 0009,Երևան, Տերյան 72
Հետադարձ կապ